000
00294 a2200109 4500
001
68500
040
_c
Anchieta - Itaigara
240
1
0
_a
O jovem explorador do mundo
_l
245
1
0
_a
O jovem explorador do mundo
650
4
_a
Enciclopédias gerais (almanaques,anuários enciclopédicos
942
_c
MU
999
_c
68500
_d
68500